000 01088nac a22003017a 4500
001 BR9902004
003 BR-BrBNA
005 20240105122211.0
008 230509b bl.|||m| |||| 00| 0 por d
040 _aBR-BrBNA
_bpor
_cBiblioteca Nacional de Agricultura
072 _aH01
090 _aH01 BR9902004
100 1 _aLuiz, A.J.B.
100 1 _aNeves, M.C.
100 1 _aSpadotto, C.A.
110 1 _aCentro Nacional de Pesquisa de Monitoramento e Avaliacao de Impacto Ambiental, Jaguariuna, SP (Brasil)
_91791
245 1 _aEstimativa do uso de agrotoxicos em cinco municipios das bacias hidrograficas dos rios Piracicaba, Capivari e Jundiai - 1994
260 3 _aJaguariuna, SP (Brasil):
_c1997.
300 _a5 p.
490 _aComunicado Tecnico - Centro Nacional de Pesquisa de Monitoramento e Avaliacao de Impacto Ambiental (Brazil)
_vno. 1
_xISSN 0100-6061
650 _aBacia Hidrografica
650 _aAgrotoxico
650 _aRio
650 _aSao Paulo
650 _aDefesa Vegetal
909 _a202312
_bLúcia Elande
_c55
_dLúcia Elande
942 _2AGRIS
_n0
_cMS
999 _c289763
_d289763